000 00740nam a22002777a 4500
001 BR0809596
003 BR-BrBNA
005 20230928102841.0
007 ta
008 230509b bl.||||| |||| 00| 0 por d
040 _aBR-BrBNA
_bpor
_cBiblioteca Nacional de Agricultura
041 _a(Por)
072 _aE20
090 _ E20 BR0809596
100 1 _aBarbosa, J.S.
245 1 _aAdministração rural a nível de fazendeiro
250 1 _a5. ed.
260 3 _aSão paulo, SP (Brasil):
_bLivraria Nobel S.A.,
_c1983.
300 _a98 p.
650 _aFAZENDA
650 _aEXPLORAÇÃO AGRÍCOLA
650 _aADMINISTRAÇÃO RURAL
650 _aPRODUÇÃO AGRÍCOLA
909 _a202309
_bLucia
_c55
_dLucia Elande
942 _cBK
999 _c72701
_d72701